ARRUPE JESUIT UNIVERSITY

CORONAVIRUS -STOP THE SPREAD - CLEAN,DISINFECT,COVER

Self-Emptying love in a global context : (Record no. 121881)

MARC details
000 -LEADER
fixed length control field 00618nam a22001697a 4500
005 - DATE AND TIME OF LATEST TRANSACTION
control field 20150205110410.0
008 - FIXED-LENGTH DATA ELEMENTS--GENERAL INFORMATION
fixed length control field 150123b xxu||||| |||| 00| 0 eng d
050 ## - LIBRARY OF CONGRESS CALL NUMBER
Classification number BX3703.
Item number B74 2006
100 ## - MAIN ENTRY--PERSONAL NAME
Personal name Sears, Robert T.
9 (RLIN) 14595
245 ## - TITLE STATEMENT
Title Self-Emptying love in a global context :
Remainder of title the spiritual exercises and the environment
Statement of responsibility, etc Sears, Robert T and Joseph A Bracken, SJ
260 ## - PUBLICATION, DISTRIBUTION, ETC. (IMPRINT)
Place of publication, distribution, etc Eugene
Name of publisher, distributor, etc Cascade Books
Date of publication, distribution, etc 2006
300 ## - PHYSICAL DESCRIPTION
Extent vi, 88p.;
Dimensions 21cm.
600 ## - SUBJECT ADDED ENTRY--PERSONAL NAME
Personal name Ignatius
Title of a work saint
Chronological subdivision 1491-1556
Geographic subdivision of Loyola
9 (RLIN) 14596
650 ## - SUBJECT ADDED ENTRY--TOPICAL TERM
Topical term or geographic name as entry element Spiritual Exercises
9 (RLIN) 14597
700 ## - ADDED ENTRY--PERSONAL NAME
Personal name Bracken, Joseph A
Titles and other words associated with a name SJ
9 (RLIN) 14873
942 ## - ADDED ENTRY ELEMENTS (KOHA)
Source of classification or shelving scheme Library of Congress Classification
Item type Monograph ( Printed materials)
Holdings
Withdrawn status Lost status Source of classification or shelving scheme Damaged status Not for loan Collection code Home library Current library Shelving location Date acquired Total Checkouts Full call number Barcode Date last seen Price effective from Koha item type
    Library of Congress Classification     Main Collection ARRUPE LIBRARY ARRUPE LIBRARY Main Collection 23/01/2015   BX3703. B74 2006 46500001148 22/11/2017 23/01/2015 Monograph ( Printed materials)

 

Arrupe Library. PO Box MP320 Mt Pleasant, Harare, Zimbabwe
263 242 745411|librarian@aju.ac.zw